logo

Bir Sreshtho Munshi Abdur Rouf Library
Jhenaidah Cadet College

Frankenstein / (Record no. 8584)

MARC details
000 -LEADER
fixed length control field 01110nam a2200337 a 4500
001 - CONTROL NUMBER
JCCL Control Number 8584
003 - CONTROL NUMBER IDENTIFIER
JCCL marc code BD - JhCC
005 - DATE AND TIME OF LATEST TRANSACTION
control field 20180920130154.0
008 - FIXED-LENGTH DATA ELEMENTS--GENERAL INFORMATION
fixed length control field 880808s1982 enk 000 1 eng d
020 ## - INTERNATIONAL STANDARD BOOK NUMBER
International Standard Book Number 0460006169 (Hardback)
020 ## - INTERNATIONAL STANDARD BOOK NUMBER
International Standard Book Number 0460016164 (Paperback)
035 ## - SYSTEM CONTROL NUMBER
system control number (BD - JhCC)8584
040 ## - CATALOGING SOURCE
Original cataloging agency KEU
Transcribing agency KEU
Modifying agency m.c
-- EQO
-- BD - JhCC
041 ## - LANGUAGE CODE
Language code of Book eng
082 ## - DEWEY DECIMAL CLASSIFICATION NUMBER
Author mark and Year SHE 1912
Classification number 823.7
090 ## - LOCALLY ASSIGNED LC-TYPE CALL NUMBER (OCLC); LOCAL CALL NUMBER (OCLC)
Classification number (OCLC) (R) ; Classification number, CALL (RLIN) (NR) PR5397
Local cutter number (OCLC) ; Book number/undivided call number, CALL (RLIN) .F70 1912a
100 1# - MAIN ENTRY--PERSONAL NAME
Personal name Shelley, Mary Wollstonecraft,
Dates associated with a name 1797-1851.
245 10 - TITLE STATEMENT
Title Frankenstein /
Statement of responsibility, etc by Mary W. Shelley ; introduction by Robert E. Dowse and D.J. Palmer.
250 ## - EDITION STATEMENT
Edition statement [Paperback Edition]
260 ## - PUBLICATION, DISTRIBUTION, ETC. (IMPRINT)
Place of publication, distribution, etc London :
Name of publisher, distributor, etc Dent,
Date of publication, distribution, etc 1982
300 ## - PHYSICAL DESCRIPTION
Pagination 242 p. ;
Dimensions 17 cm.
490 1# - SERIES STATEMENT
Series statement Everyman's library ;
Volume number/sequential designation 616
500 ## - GENERAL NOTE
General note First included in Everyman's Library 1912 ; Introduction c.1963 ; Last reprinted 1982.
650 ## - SUBJECT ADDED ENTRY--TOPICAL TERM
Topical term or geographic name as entry element Scientists in literature
650 ## - SUBJECT ADDED ENTRY--TOPICAL TERM
Topical term or geographic name as entry element Frankenstein's Monster (Fictitious character)
700 1# - ADDED ENTRY--PERSONAL NAME
Personal name Dowse, Robert Edward.
700 1# - ADDED ENTRY--PERSONAL NAME
Personal name Palmer, D. J.
Fuller form of name (David John),
Dates associated with a name 1935-
830 #0 - SERIES ADDED ENTRY--UNIFORM TITLE
Uniform title Everyman's library ;
Volume number/sequential designation 616.
942 ## - ADDED ENTRY ELEMENTS (KOHA)
Source of classification or shelving scheme Dewey Decimal Classification
Koha item type Books
Holdings
Source of classification or shelving scheme Damaged status Not for loan Home library Current library Shelving location Date of accession Total Checkouts Full call number Barcode Checked out Date last seen Date checked out Copy number Koha item type
Dewey Decimal Classification     JCC Rouf Library JCC Rouf Library General Stacks 05/11/2023 5 823.7 SHE 1912 11222 03/05/2026 02/08/2026 02/08/2026 C - 1 Books

JCC Library | Contacts | JCC Home

Last Update on 23 September 2017
Copyright @ 2017-2020 JCC Rouf Library
Rouf Library, Jhenidah Cadet College (JCC), Bangladesh